<?xml version="1.0" encoding="UTF-8"?>
<collection xmlns="http://www.loc.gov/MARC21/slim">
 <record>
  <leader>01443nam a2200193Ia 4500</leader>
  <controlfield tag="001">CTU_133759</controlfield>
  <controlfield tag="008">210402s9999    xx            000 0 und d</controlfield>
  <datafield tag="020" ind1=" " ind2=" ">
   <subfield code="c">20000</subfield>
  </datafield>
  <datafield tag="082" ind1=" " ind2=" ">
   <subfield code="a">635.9</subfield>
  </datafield>
  <datafield tag="082" ind1=" " ind2=" ">
   <subfield code="b">S450</subfield>
  </datafield>
  <datafield tag="245" ind1=" " ind2="0">
   <subfield code="a">Sổ tay nghệ nhân cây cảnh</subfield>
  </datafield>
  <datafield tag="245" ind1=" " ind2="0">
   <subfield code="c">Sư tầm và biên soạn: Nguyễn Ngọc Thạch, Hoàng Anh Tuyên, Đặng Linh Chi</subfield>
  </datafield>
  <datafield tag="260" ind1=" " ind2=" ">
   <subfield code="a">Hà Nội</subfield>
  </datafield>
  <datafield tag="260" ind1=" " ind2=" ">
   <subfield code="b">Từ điển Bách khoa</subfield>
  </datafield>
  <datafield tag="260" ind1=" " ind2=" ">
   <subfield code="c">2007</subfield>
  </datafield>
  <datafield tag="520" ind1=" " ind2=" ">
   <subfield code="a">Sách tập trung giới thiệu các kỹ năng và một số bài thực hành của các nghệ nhân nổi tiếng thế giới, được minh họa bằng hình ảnh do chính bản thân các nghệ nhân đó thể hiện, nhằm giúp cho số đông độc giả là những người làm vườn không chuyên dễ dàng tiếp thu và hoàn thiện kỹ năng thực hành của mình. Ngoài ra, tác giả cũng giới thiệu thêm một số cây cảnh đẹp của các nghệ nhân có tên tuổi trên Thế giới để các bạn cùng thưởng ngoạn, đồng thời làm giàu thêm khả năng sáng tạo của mình trong quá trình làm cây cảnh, cây thế.</subfield>
  </datafield>
  <datafield tag="650" ind1=" " ind2=" ">
   <subfield code="a">Plants, ornamental,Floriculture,Cây cảnh</subfield>
  </datafield>
  <datafield tag="904" ind1=" " ind2=" ">
   <subfield code="i">Giang</subfield>
  </datafield>
  <datafield tag="980" ind1=" " ind2=" ">
   <subfield code="a">Trung tâm Học liệu Trường Đại học Cần Thơ</subfield>
  </datafield>
 </record>
</collection>
